Catálogo

Tengo síndrome de Down : (Registro nro. 70766)

Detalles MARC
000 -LEADER
fixed length control field 01567nam a2200397 i 4500
001 - CONTROL NUMBER
control field 70766
003 - CONTROL NUMBER IDENTIFIER
control field Mx-PuUPA
005 - DATE AND TIME OF LATEST TRANSACTION
control field 20240410104333.0
008 - FIXED-LENGTH DATA ELEMENTS--GENERAL INFORMATION
fixed length control field 231124s2015 sp gr 00| 0bspa d
017 ## - COPYRIGHT OR LEGAL DEPOSIT NUMBER
Copyright or legal deposit number B.555-2015
020 ## - INTERNATIONAL STANDARD BOOK NUMBER
International Standard Book Number 9788494236488
040 ## - CATALOGING SOURCE
Transcribing agency Mx-PuUPA
Original cataloging agency Mx-PuUPA
Language of cataloging spa
Modifying agency Mx-PuUPA
Description conventions rda
041 1# - LANGUAGE CODE
Language code of text/sound track or separate title spa
Language code of original fre
100 1# - MAIN ENTRY--PERSONAL NAME
Personal name Laloux, Éléonore,
Dates associated with a name 1985-
9 (RLIN) 15165
Relator term autor
240 10 - UNIFORM TITLE
Uniform title Triso et alors!
Language of a work Español
245 10 - TITLE STATEMENT
Title Tengo síndrome de Down :
Remainder of title ... ¿y qué? /
Statement of responsibility, etc. Éleonore Laloux ; con la colaboración de Yann Barte ; posfacio, Enric Berenguer ; traducción, Alfonso Díez
250 ## - EDITION STATEMENT
Edition statement Primera edición /
Remainder of edition statement febrero
264 #1 - PRODUCTION, PUBLICATION, DISTRIBUTION, MANUFACTURE, AND COPYRIGHT NOTICE
Place of production, publication, distribution, manufacture Barcelona, España :
Name of producer, publisher, distributor, manufacturer Nuevos Emprendimientos Editoriales,
Date of production, publication, distribution, manufacture, or copyright notice 2015
300 ## - PHYSICAL DESCRIPTION
Extent 142 páginas ;
Dimensions 21 cm
336 ## - CONTENT TYPE
Fuente rdacontent
Content type term texto
Content type code txt
337 ## - MEDIA TYPE
Source rdamedia
Media type term sin medio
Media type code n
338 ## - CARRIER TYPE
Source rdacarrier
Carrier type term volumen
Carrier type code nc
490 0# - SERIES STATEMENT
Series statement Colección La Palabra extrema
600 04 - SUBJECT ADDED ENTRY--PERSONAL NAME
Personal name Laloux, Éléonore
General subdivision Autobiografía
650 #7 - SUBJECT ADDED ENTRY--TOPICAL TERM
Source of heading or term armar
Topical term or geographic name entry element Síndrome de Down
General subdivision Pacientes
Form subdivision Biografía
650 #7 - SUBJECT ADDED ENTRY--TOPICAL TERM
Source of heading or term armar
Topical term or geographic name entry element Síndrome de Down
General subdivision Psiquiatría
700 1# - ADDED ENTRY--PERSONAL NAME
Personal name Barte, Yann,
Relator term colaborador
700 1# - ADDED ENTRY--PERSONAL NAME
Personal name Berenguer, Enric,
Relator term editor
700 1# - ADDED ENTRY--PERSONAL NAME
Personal name Díez, Alfonso,
Relator term traductor
765 08 - ORIGINAL LANGUAGE ENTRY
Main entry heading Laloux, Éléonore, 1985-
Edition 1ère éditon
Place, publisher, and date of publication France : Max Milo éditions, 2014
Title Triso et alors!
942 ## - ADDED ENTRY ELEMENTS (KOHA)
Source of classification or shelving scheme Dewey Decimal Classification
Koha item type Libro
Classification part 616.8914092
Item part L193
Existencias
Withdrawn status Lost status Source of classification or shelving scheme Damaged status Not for loan Collection code Home library Current library Shelving location Date acquired Source of acquisition Cost, normal purchase price Total Checkouts Full call number Barcode Date last seen Cost, replacement price Price effective from Koha item type
    Dewey Decimal Classification     General Biblioteca Karol Wojtyla Biblioteca Karol Wojtyla Sala general 13/11/2023 1 272.00   616.8914092 L193 2015 104208 05/01/2026 272.00 13/11/2023 Libro